000 01044cam a2200289 i 4500
003 EG-ScBUE
005 20250112110804.0
008 160810s2015 sz a f b 001 0 eng d
020 _a1482203456
020 _a9781482203455
040 _aEG-ScBUE
_beng
_erda
_cEG-ScBUE
_dEG-ScBUE
082 0 4 _222
_a519.6
_bBIE
100 1 _940718
_aBierlaire, Michel,
_eauthor.
245 1 0 _aOptimization :
_bprinciples and algorithms /
_cMichel Bierlaire.
264 1 _aLausanne :
_bEPFL Press ;
_aBoca Raton :
_bCRC Press / Taylor & Francis Group, LLC,
_c2015.
300 _axvi, 718 pages :
_billustrations ;
_c24 cm
336 _2rdacontent
_atext
_btxt
337 _aunmediated
_2rdamedia
_bn
338 _avolume
_bnc
_2rdacarrier
504 _aIncludes bibliographical references and index.
650 7 _2BUEsh
_93485
_aMathematical optimization.
650 7 _913108
_aAlgorithms.
_2BUEsh
653 _bENGGEN
_cAugust 2016
655 _vReading book
856 _uhttp://optimizationprinciplesalgorithms.com/
_yCompanion website
942 _2ddc
_cBB
999 _c22158
_d22130